<?xml version="1.0" encoding="UTF-8"?>
<record
    xmlns:xsi="http://www.w3.org/2001/XMLSchema-instance"
    xsi:schemaLocation="http://www.loc.gov/MARC21/slim http://www.loc.gov/standards/marcxml/schema/MARC21slim.xsd"
    xmlns="http://www.loc.gov/MARC21/slim">

  <leader>03785nam a2200373 a 4500</leader>
  <controlfield tag="001">ebr10235189</controlfield>
  <controlfield tag="003">CaPaEBR</controlfield>
  <controlfield tag="006">m        u        </controlfield>
  <controlfield tag="007">cr cn|||||||||</controlfield>
  <controlfield tag="008">080114s2008    caua    sb    000 0 eng  </controlfield>
  <datafield tag="010" ind1=" " ind2=" ">
    <subfield code="z">  2008001579</subfield>
  </datafield>
  <datafield tag="020" ind1=" " ind2=" ">
    <subfield code="z">9780833042972 (pbk. : alk. paper)</subfield>
  </datafield>
  <datafield tag="020" ind1=" " ind2=" ">
    <subfield code="z">0833042971 (pbk. : alk. paper)</subfield>
  </datafield>
  <datafield tag="040" ind1=" " ind2=" ">
    <subfield code="a">CaPaEBR</subfield>
    <subfield code="c">CaPaEBR</subfield>
  </datafield>
  <datafield tag="035" ind1=" " ind2=" ">
    <subfield code="a">(OCoLC)560594529</subfield>
  </datafield>
  <datafield tag="043" ind1=" " ind2=" ">
    <subfield code="a">a-iq---</subfield>
    <subfield code="a">n-us---</subfield>
  </datafield>
  <datafield tag="050" ind1="1" ind2="4">
    <subfield code="a">DS79.769</subfield>
    <subfield code="b">.P555 2008eb</subfield>
  </datafield>
  <datafield tag="082" ind1="0" ind2="4">
    <subfield code="a">956.7044/34</subfield>
    <subfield code="2">22</subfield>
  </datafield>
  <datafield tag="100" ind1="1" ind2=" ">
    <subfield code="a">Pirnie, Bruce,</subfield>
    <subfield code="d">1940-</subfield>
  </datafield>
  <datafield tag="245" ind1="1" ind2="0">
    <subfield code="a">Counterinsurgency in Iraq (2003-2006)</subfield>
    <subfield code="h">[electronic resource] /</subfield>
    <subfield code="c">Bruce R. Pirnie, Edward O'Connell.</subfield>
  </datafield>
  <datafield tag="260" ind1=" " ind2=" ">
    <subfield code="a">Santa Monica, CA :</subfield>
    <subfield code="b">Rand,</subfield>
    <subfield code="c">2008.</subfield>
  </datafield>
  <datafield tag="300" ind1=" " ind2=" ">
    <subfield code="a">xxvii, 106 p. :</subfield>
    <subfield code="b">col. ill.</subfield>
  </datafield>
  <datafield tag="490" ind1="1" ind2=" ">
    <subfield code="a">Rand counterinsurgency study ;</subfield>
    <subfield code="v">v. 2</subfield>
  </datafield>
  <datafield tag="504" ind1=" " ind2=" ">
    <subfield code="a">Includes bibliographical references (p. 99-106).</subfield>
  </datafield>
  <datafield tag="505" ind1="0" ind2=" ">
    <subfield code="a">Summary -- Acknowledgements -- Abbreviations -- Overview of the conflict in Iraq -- Ba'athist regime -- Invasion of Iraq -- Occupation of Iraq -- First priority : setting up a constitutional government -- Spring -- The spiral downward begins (Spring 2004) -- Benchmark one : holding Iraqi elections -- Islamic extremists and sectarian violence -- A U.S. approach hesitantly unfold -- Armed groups in Iraq -- Overview -- Kurdish separatists -- Sunni Arab insurgents -- Violent extremists -- Shi'ite Arab militias -- Criminal gangs -- Insurgent use of terrorism -- Counterinsurgency in Iraq -- Organization and recognition of the U.S. COIN effort is slow to unfold -- Traditional U.S. military forces may need to be adjusted -- Fallujah -- Tal Afar -- Baghdad -- Air support -- Combatting improvised explosive devices -- Detainee operations -- U.S. development and support of Iraqi forces -- Iraqi police -- Iraqi armed forces -- Assessing progress in counterinsurgency -- Iraqi casualties and displacement -- Iraqi economy -- Iraqi opinion -- Accounting for success and failure -- Understanding Iraqi society -- Little planning for the occupation of Iraq -- The impact of a lack od international support for the war -- The disastrous effects of prematurely dismantling the Ba'athist regime -- The challenge of building a new Iraqi state from scratch -- Instituting a new system of justice -- Undertaking the reconstruction of Iraq -- The consequences of failing to maintain security early on military missions -- Lck of infiltration and tips hinder intelligence on the insurgency -- Building effective capabilities for counterinsurgency -- Use of force -- Public safety and security -- Partnering with and enabling indigenous forces -- Reporting on the enemy and infiltration -- Provision of essential services -- Informing and influencing operations -- Rigorous and coordinated detainee operations -- Recommendations -- Development of strategy -- Coalition-building -- Planning process -- Unity of effort -- Interagency process -- Host-nation governance -- Funding mechanisms -- Counterinsurgency as a mission -- Protection of the indigenous population -- Personnel policy -- U.S. Army special forces -- Partnership with indigenous forces -- Policing functions -- Brigade organization -- Gunship-like capability -- Intelligence collection and sharing.</subfield>
  </datafield>
  <datafield tag="533" ind1=" " ind2=" ">
    <subfield code="a">Electronic reproduction.</subfield>
    <subfield code="b">Palo Alto, Calif. :</subfield>
    <subfield code="c">ebrary,</subfield>
    <subfield code="d">2013.</subfield>
    <subfield code="n">Available via World Wide Web.</subfield>
    <subfield code="n">Access may be limited to ebrary affiliated libraries.</subfield>
  </datafield>
  <datafield tag="650" ind1=" " ind2="0">
    <subfield code="a">Postwar reconstruction</subfield>
    <subfield code="z">Iraq.</subfield>
  </datafield>
  <datafield tag="650" ind1=" " ind2="0">
    <subfield code="a">Counterinsurgency</subfield>
    <subfield code="z">Iraq.</subfield>
  </datafield>
  <datafield tag="655" ind1=" " ind2="7">
    <subfield code="a">Electronic books.</subfield>
    <subfield code="2">local</subfield>
  </datafield>
  <datafield tag="700" ind1="1" ind2=" ">
    <subfield code="a">O'Connell, Edward.</subfield>
  </datafield>
  <datafield tag="710" ind1="2" ind2=" ">
    <subfield code="a">ebrary, Inc.</subfield>
  </datafield>
  <datafield tag="830" ind1=" " ind2="0">
    <subfield code="a">Rand counterinsurgency study ;</subfield>
    <subfield code="v">v. 2.</subfield>
  </datafield>
  <datafield tag="856" ind1="4" ind2="0">
    <subfield code="u">http://site.ebrary.com/lib/rucke/Doc?id=10235189</subfield>
    <subfield code="z">An electronic book accessible through the World Wide Web; click to view</subfield>
  </datafield>
  <datafield tag="999" ind1=" " ind2=" ">
    <subfield code="c">38733</subfield>
    <subfield code="d">38733</subfield>
  </datafield>
</record>
